00686nam a22001817a 4500008004100000020001800041040005500059080003200114100002700146245004200173260003900215300001800254650002200272653001700294942001200311999001700323952016400340230324b |||||||| |||| 00| 0 eng d a0-88022-559-9 aNational Science LibrarycNational Science Library aD 681.3.06 wordperfect bN0 aFox, Marianee B 95037 aWordPerfect 5.1: bWorkbook and disk  aIndiana: bQue Corporation, c1990 axviii, 421p.  aComputer science  aWordPerfect  2udccBK c14465d14465 00102udc406D_681306WORDPERFECT_N070921441aNSLbNSLcGF/Rk-4/C-5/R-3d1991-07-22l0oD 681.3.06Wordperfect N0p172149r2023-03-24 00:00:00w1991-07-22yBK